[Event "Serbia op-A"]
[Site "Belgrade"]
[Date "2025.07.21"]
[Round "7"]
[White "Kotronias, Vasilios"]
[Black "Li, Xueyi"]
[Result "0-1"]
[WhiteElo "2420"]
[BlackElo "2220"]
[PlyCount "72"]
[EventDate "2025.07.14"]
[EventType "swiss"]
[EventRounds "9"]
[EventCountry "SRB"]
[SourceTitle "CB30_2025"]
[SourceDate "2025.07.23"]
[SourceVersion "1"]
[SourceVersionDate "2025.07.23"]
[SourceQuality "1"]

1. e4 c6 2. d4 d5 3. e5 Bf5 4. Nd2 e6 5. Nb3 Nd7 6. Nf3 a6 7. Be3 Qc7 8. Be2 f6 9. 0-0 fxe5 10. dxe5 Nxe5 11. Nxe5 Qxe5 12. Bd4 Qc7 13. Bh5+ Bg6 14. Re1 0-0-0 15. Rxe6 Bd6 16. Bg4 Kb8 17. Rxd6 Rxd6 18. Be5 Qe7 19. Qd4 Nf6 20. h3 Ka8 21. Nc5 Rg8 22. Re1 Nxg4 23. hxg4 b6 24. Nxa6 Kb7 25. Qa4 Re6 26. f4 Ra8 27. Qd4 Qh4 28. Re3 Rxa6 29. a3 Bxc2 30. Qd2 Bb1 31. f5 Re8 32. Bxg7 Rxe3 33. Qxe3 Ra4 34. b4 Be4 35. f6 Qxg4 36. Qf2 Rxa3 0-1

[Event "Serbia op-A"]
[Site "Belgrade"]
[Date "2025.07.14"]
[Round "3"]
[White "Kotronias, Vasilios"]
[Black "Kamenskaya, Marina"]
[Result "1-0"]
[WhiteElo "2420"]
[BlackElo "2009"]
[PlyCount "55"]
[EventDate "2025.07.14"]
[EventType "swiss"]
[EventRounds "9"]
[EventCountry "SRB"]
[SourceTitle "CB30_2025"]
[SourceDate "2025.07.23"]
[SourceVersion "1"]
[SourceVersionDate "2025.07.23"]
[SourceQuality "1"]

1. e4 e5 2. Nf3 Nc6 3. Bb5 a6 4. Ba4 Nf6 5. 0-0 Nxe4 6. d4 b5 7. Bb3 d5 8. dxe5 Be6 9. Be3 Bc5 10. Qd3 0-0 11. c3 Bxe3 12. Qxe3 f5 13. exf6 Qxf6 14. Nbd2 Rae8 15. Rae1 Kh8 16. Nxe4 dxe4 17. Ng5 Bxb3 18. axb3 Qg6 19. Nxe4 Na5 20. f3 Nxb3 21. Rd1 Na5 22. Qc5 Nc4 23. Rd7 Rf5 24. Qxc7 Ne3 25. Ng3 Nxf1 26. Nxf5 Nxh2 27. Rd8 Nxf3+ 28. Kf2 1-0

[Event "GRE-chT 52nd"]
[Site "Loutraki"]
[Date "2025.07.02"]
[Round "5.21"]
[White "Kotronias, Vasilios"]
[Black "Kourkoulos Arditis, Stamatis"]
[Result "1/2-1/2"]
[WhiteElo "2420"]
[BlackElo "2580"]
[PlyCount "106"]
[EventDate "2025.06.28"]
[EventType "team-swiss"]
[EventRounds "7"]
[EventCountry "GRE"]
[SourceTitle "CB28_2025"]
[SourceDate "2025.07.09"]
[SourceVersion "1"]
[SourceVersionDate "2025.07.09"]
[SourceQuality "1"]
[WhiteTeam "Evoiki ES"]
[BlackTeam "Kallitheas"]
[WhiteTeamCountry "GRE"]
[BlackTeamCountry "GRE"]

1. e4 e5 2. Nf3 Nc6 3. Bb5 a6 4. Ba4 Nf6 5. 0-0 Be7 6. Re1 b5 7. Bb3 d6 8. c3 0-0 9. h3 h6 10. d4 Bd7 11. Nbd2 Re8 12. d5 Na7 13. Nf1 c6 14. dxc6 Nxc6 15. Ng3 Na5 16. Bc2 Bf8 17. Nh2 g6 18. a4 Be6 19. axb5 axb5 20. Qe2 Nb3 21. Rxa8 Nxc1 22. Rxc1 Qxa8 23. Bd3 b4 24. cxb4 Rb8 25. b5 Qa4 26. Ng4 Nxg4 27. hxg4 Be7 28. Rc6 Qd4 29. Bc4 Bxc4 30. Rxc4 Qb6 31. Rc6 Qxb5 32. Rc8+ Kg7 33. Rxb8 Qxb8 34. Qc2 Qb4 35. Qc3 Qb5 36. b3 Bd8 37. Qd2 Bb6 38. Qxd6 Bd4 39. g5 hxg5 40. Qe7 Qb6 41. Kh2 g4 42. b4 Bxf2 43. Qxe5+ Qf6 44. Qxf6+ Kxf6 45. b5 Ke5 46. Nh1 Be1 47. b6 Kd6 48. Kg1 Kc6 49. Kf1 Ba5 50. Nf2 f5 51. exf5 gxf5 52. Nxg4 fxg4 53. Kf2 Bxb6+ 1/2-1/2

[Event "GRE-chT 52nd"]
[Site "Loutraki"]
[Date "2025.06.30"]
[Round "3.61"]
[White "Kotronias, Vasilios"]
[Black "Aggelis, Nikolaos"]
[Result "0-1"]
[WhiteElo "2420"]
[BlackElo "2274"]
[PlyCount "100"]
[EventDate "2025.06.28"]
[EventType "team-swiss"]
[EventRounds "7"]
[EventCountry "GRE"]
[SourceTitle "CB28_2025"]
[SourceDate "2025.07.09"]
[SourceVersion "1"]
[SourceVersionDate "2025.07.09"]
[SourceQuality "1"]
[WhiteTeam "Evoiki ES"]
[BlackTeam "Peristeriou PS"]
[WhiteTeamCountry "GRE"]
[BlackTeamCountry "GRE"]

1. e4 c5 2. Nc3 Nc6 3. Nf3 e6 4. d4 cxd4 5. Nxd4 Nf6 6. Nxc6 dxc6 7. Qxd8+ Kxd8 8. Bf4 Bc5 9. 0-0-0+ Ke7 10. f3 Rd8 11. Bd3 Nh5 12. Bg5+ f6 13. Bd2 e5 14. g3 b5 15. a4 b4 16. Ne2 Bd6 17. g4 Nf4 18. Nxf4 exf4 19. e5 fxe5 20. Bxh7 Be6 21. Be4 Bd5 22. Rde1 Kf7 23. h4 a5 24. h5 Rh8 25. Re2 Bxe4 26. Rxe4 g6 27. c3 gxh5 28. gxh5 c5 29. cxb4 cxb4 30. Rc4 Ke6 31. Kc2 Rag8 32. Rc6 Rg2 33. Kd3 Rf2 34. Rh3 Kd5 35. Ra6 Bc7 36. h6 Rd8 37. h7 e4+ 38. Kc2 e3 39. h8Q Rxd2+ 40. Kc1 Rxh8 41. Rxh8 Rf2 42. Rh5+ Kc4 43. Kd1 Rxf3 44. Rc6+ Kd3 45. Rd5+ Ke4 46. Rd7 Rf1+ 47. Ke2 f3+ 48. Kxf1 e2+ 49. Kf2 Bg3+ 50. Kxg3 e1Q+ 0-1

[Event "GRE-chT 52nd"]
[Site "Loutraki"]
[Date "2025.06.29"]
[Round "2.1"]
[White "Theodorou, Nikolas"]
[Black "Kotronias, Vasilios"]
[Result "1-0"]
[WhiteElo "2625"]
[BlackElo "2420"]
[PlyCount "74"]
[EventDate "2025.06.28"]
[EventType "team-swiss"]
[EventRounds "7"]
[EventCountry "GRE"]
[SourceTitle "CB28_2025"]
[SourceDate "2025.07.09"]
[SourceVersion "1"]
[SourceVersionDate "2025.07.09"]
[SourceQuality "1"]
[WhiteTeam "Irakleiou"]
[BlackTeam "Evoiki ES"]
[WhiteTeamCountry "GRE"]
[BlackTeamCountry "GRE"]

1. d4 Nf6 2. Nf3 g6 3. Nbd2 d5 4. b3 Bg7 5. Bb2 0-0 6. e3 Bg4 7. Be2 c6 8. 0-0 Nbd7 9. c4 Re8 10. cxd5 Bxf3 11. Nxf3 cxd5 12. a4 e6 13. b4 Bf8 14. Qb3 Ne4 15. Rfc1 Rc8 16. Bd3 Qe7 17. Ba3 Qd6 18. Rc2 Rxc2 19. Qxc2 Nef6 20. a5 Qb8 21. Rc1 Bd6 22. g3 a6 23. Nd2 e5 24. Nb3 exd4 25. exd4 Nf8 26. Nc5 Ne6 27. Nxe6 Rxe6 28. Bf1 Re8 29. Qb3 Rc8 30. Rxc8+ Qxc8 31. b5 Bxa3 32. bxa6 Bd6 33. Qb6 Bc7 34. axb7 Qd8 35. Qa7 Nd7 36. Bb5 Nb8 37. a6 Bb6 1-0

[Event "Forni di Sopra 16th"]
[Site "Forni di Sopra"]
[Date "2025.06.11"]
[Round "6"]
[White "Petrov, Martin"]
[Black "Kotronias, Vasilios"]
[Result "1/2-1/2"]
[WhiteElo "2524"]
[BlackElo "2429"]
[PlyCount "37"]
[EventDate "2025.06.07"]
[EventType "swiss"]
[EventRounds "9"]
[EventCountry "ITA"]
[SourceTitle "CB26_2025"]
[SourceDate "2025.06.25"]
[SourceVersion "1"]
[SourceVersionDate "2025.06.25"]
[SourceQuality "1"]

1. e4 c5 2. Nf3 Nc6 3. Nc3 d6 4. d4 cxd4 5. Nxd4 Nf6 6. Bg5 e6 7. Qd2 Be7 8. 0-0-0 0-0 9. f4 Nxd4 10. Qxd4 Qa5 11. h4 Rd8 12. Qe3 b5 13. Bxb5 Bb7 14. e5 dxe5 15. fxe5 Rxd1+ 16. Rxd1 Nd5 17. Nxd5 Bxg5 18. hxg5 Bxd5 19. Bd3 1/2-1/2

[Event "Forni di Sopra 16th"]
[Site "Forni di Sopra"]
[Date "2025.06.09"]
[Round "3"]
[White "Centamore, Alberto"]
[Black "Kotronias, Vasilios"]
[Result "0-1"]
[WhiteElo "2141"]
[BlackElo "2429"]
[PlyCount "54"]
[EventDate "2025.06.07"]
[EventType "swiss"]
[EventRounds "9"]
[EventCountry "ITA"]
[SourceTitle "CB26_2025"]
[SourceDate "2025.06.25"]
[SourceVersion "1"]
[SourceVersionDate "2025.06.25"]
[SourceQuality "1"]

1. e4 d5 2. exd5 Qxd5 3. Nc3 Qd6 4. d4 Nf6 5. Nf3 c6 6. Ne5 Nbd7 7. f4 g6 8. g4 Bg7 9. Bg2 c5 10. g5 Nh5 11. Nb5 Qb6 12. Qe2 0-0 13. dxc5 Nxc5 14. Be3 a6 15. b4 Nxf4 16. Bxf4 Ne6 17. Bg3 axb5 18. c3 Ra3 19. Rc1 Qa7 20. Bd5 Nxg5 21. Bf2 Qa6 22. h4 Be6 23. Bg2 Rxa2 24. Qe3 Qd6 25. Bg3 Rxg2 26. hxg5 Rxg3 27. Qxg3 Bxe5 0-1

[Event "Piraeus"]
[Site "Piraeus"]
[Date "2025.04.13"]
[Round "3"]
[White "Dobrovoljc, Vid"]
[Black "Kotronias, Vasilios"]
[Result "1/2-1/2"]
[WhiteElo "2402"]
[BlackElo "2434"]
[PlyCount "34"]
[EventDate "2025.04.11"]
[EventType "tourn"]
[EventRounds "9"]
[EventCountry "GRE"]
[EventCategory "6"]
[SourceTitle "CB20_2025"]
[SourceDate "2025.05.14"]
[SourceVersion "1"]
[SourceVersionDate "2025.05.14"]
[SourceQuality "1"]

1. e4 c5 2. Nf3 d6 3. d4 cxd4 4. Nxd4 Nf6 5. Nc3 Nc6 6. Bg5 e6 7. Qd2 a6 8. 0-0-0 Bd7 9. Kb1 Be7 10. Nxc6 Bxc6 11. f3 h6 12. Bf4 d5 13. Qe3 Qa5 14. exd5 Nxd5 15. Nxd5 Bxd5 16. c4 Bc6 17. Qe5 Qxe5 1/2-1/2

[Event "Piraeus"]
[Site "Piraeus"]
[Date "2025.04.11"]
[Round "1"]
[White "Risteski, Emil"]
[Black "Kotronias, Vasilios"]
[Result "1/2-1/2"]
[WhiteElo "2354"]
[BlackElo "2434"]
[PlyCount "41"]
[EventDate "2025.04.11"]
[EventType "tourn"]
[EventRounds "9"]
[EventCountry "GRE"]
[EventCategory "6"]
[SourceTitle "CB20_2025"]
[SourceDate "2025.05.14"]
[SourceVersion "1"]
[SourceVersionDate "2025.05.14"]
[SourceQuality "1"]

1. e4 c5 2. Nf3 d6 3. Bb5+ Nd7 4. Ba4 Ngf6 5. 0-0 e6 6. d3 Be7 7. c4 0-0 8. Nc3 Ne5 9. Ne1 Bd7 10. f4 Bxa4 11. Qxa4 Nc6 12. Nf3 a6 13. Qd1 b5 14. cxb5 axb5 15. Nxb5 Qb6 16. Nc3 d5 17. e5 Nd7 18. Na4 Qb5 19. Nc3 Qb6 20. Na4 Qb5 21. Nc3 1/2-1/2

[Event "Belgrade-chT Premier"]
[Site "Belgrade"]
[Date "2024.10.15"]
[Round "7.1"]
[White "Kotronias, Vasilios"]
[Black "Petrovic, Aleksa"]
[Result "1-0"]
[WhiteElo "2427"]
[BlackElo "2250"]
[PlyCount "145"]
[EventDate "2024.10.09"]
[EventType "team-tourn"]
[EventRounds "11"]
[EventCountry "SRB"]
[SourceTitle "CB44_2024"]
[Source "Chessbase"]
[SourceDate "2024.10.30"]
[SourceVersion "1"]
[SourceVersionDate "2024.10.30"]
[SourceQuality "1"]
[WhiteTeam "Belgrade Crvena Zvezda"]
[BlackTeam "Belgrade Radnicki"]
[WhiteTeamCountry "SRB"]
[BlackTeamCountry "SRB"]

1. e4 e5 2. Nf3 Nf6 3. Nxe5 Nxe4 4. Qe2 Qe7 5. Qxe4 d6 6. d4 dxe5 7. dxe5 Nc6 8. Bb5 Bd7 9. Nc3 0-0-0 10. Bf4 a6 11. Bc4 Be6 12. Bxa6 Kb8 13. Rd1 Rxd1+ 14. Kxd1 Qb4 15. Qxb4 Bxb4 16. Bd3 Bxc3 17. bxc3 Bxa2 18. h4 h5 19. Re1 Rd8 20. Re3 Be6 21. Ke2 Kc8 22. f3 g6 23. Kf2 Rd5 24. g4 hxg4 25. fxg4 Bxg4 26. e6 Bxe6 27. Bxg6 Kd7 28. Be4 Rh5 29. Bg5 Ne5 30. Kg3 b6 31. Re1 c5 32. Rd1+ Kc8 33. Rd8+ Kc7 34. Ra8 b5 35. Ra6 Bc8 36. Ra7+ Kd6 37. Ra8 Be6 38. Ra6+ Kd7 39. Rb6 Bc4 40. Bf5+ Kc7 41. Rh6 Rxh6 42. Bxh6 Be2 43. Bf8 Kb6 44. Bg7 Ng6 45. Bg4 Nxh4 46. Kxh4 Bc4 47. Bf8 Ba2 48. Kg5 Kc6 49. Kf4 Kd5 50. Ke3 Kc6 51. Bf3+ Kb6 52. Be4 Bb1 53. Bd6 Ba2 54. Kf4 Bc4 55. Ke5 Ba2 56. Kf6 Bc4 57. Ke7 Ba2 58. Kd8 Be6 59. Bc7+ Ka6 60. Bd3 Bg4 61. Ke7 f5 62. Kf6 Kb7 63. Bf4 b4 64. c4 Kb6 65. Ke5 Bd1 66. Bxf5 Be2 67. Kd5 Bf3+ 68. Be4 Bh5 69. Bd3 Bd1 70. Be3 b3 71. Bxc5+ Kc7 72. cxb3 Bxb3 73. Bb4 1-0

[Event "Budapest SixDays 09 GM-B"]
[Site "Budapest"]
[Date "2024.09.28"]
[Round "7"]
[White "Wu, Yixing"]
[Black "Kotronias, Vasilios"]
[Result "0-1"]
[WhiteElo "2324"]
[BlackElo "2458"]
[PlyCount "88"]
[EventDate "2024.09.24"]
[EventType "tourn"]
[EventRounds "9"]
[EventCountry "HUN"]
[EventCategory "6"]
[SourceTitle "EXT 2025"]
[Source "ChessBase"]
[SourceDate "2024.10.14"]
[SourceVersion "1"]
[SourceVersionDate "2024.10.14"]
[SourceQuality "1"]

1. d4 Nf6 2. c4 g6 3. Nc3 Bg7 4. e4 d6 5. Be2 0-0 6. Be3 Nc6 7. d5 Ne5 8. f4 Neg4 9. Bd2 Nh6 10. Nf3 c6 11. h3 b5 12. a3 bxc4 13. dxc6 d5 14. e5 Ne4 15. Nxe4 dxe4 16. Ng5 Qd5 17. Qc2 Qxc6 18. Qxe4 Qxe4 19. Nxe4 Bb7 20. Bf3 Nf5 21. Bc3 Bh6 22. 0-0 Rab8 23. Nc5 Bc8 24. Be2 Ng3 25. Bxc4 Nxf1 26. Rxf1 Rb6 27. g4 Rd8 28. Kg2 Bf8 29. e6 fxe6 30. f5 Bg7 31. Bxe6+ Kh8 32. f6 exf6 33. Rxf6 Re8 34. Bf7 Re2+ 35. Kf3 Rxf6+ 36. Bxf6 Rc2 37. Be7 Rxb2 38. h4 Rb1 39. Bc4 Rg1 40. g5 Rh1 41. Bd5 Rh3+ 42. Kg2 Rxa3 43. Ne4 Rd3 44. Bc4 Re3 0-1

[Event "Budapest SixDays 09 GM-B"]
[Site "Budapest"]
[Date "2024.09.26"]
[Round "4"]
[White "Kotronias, Vasilios"]
[Black "Manon, Reja Neer"]
[Result "1/2-1/2"]
[WhiteElo "2458"]
[BlackElo "2417"]
[PlyCount "254"]
[EventDate "2024.09.24"]
[EventType "tourn"]
[EventRounds "9"]
[EventCountry "HUN"]
[EventCategory "6"]
[SourceTitle "EXT 2025"]
[Source "ChessBase"]
[SourceDate "2024.10.14"]
[SourceVersion "1"]
[SourceVersionDate "2024.10.14"]
[SourceQuality "1"]

1. e4 e5 2. Nf3 Nc6 3. Bb5 f5 4. d3 fxe4 5. dxe4 Nf6 6. 0-0 d6 7. Bc4 Bg4 8. h3 Bh5 9. Nc3 Qd7 10. Nd5 0-0-0 11. Qd3 Bg6 12. Re1 Be7 13. a4 Nxd5 14. Bxd5 Nb4 15. Bxb7+ Kxb7 16. Qb3 a5 17. c3 c5 18. cxb4 axb4 19. Bg5 Bxg5 20. Nxg5 h6 21. Nf3 Bf7 22. Qd3 g5 23. Nd2 Qc6 24. Rec1 Rhf8 25. Nc4 Qa6 26. b3 Be6 27. Ra2 Kc7 28. Nxe5 Qxd3 29. Nxd3 Bxb3 30. Rb2 Bxa4 31. e5 Kb6 32. exd6 Rf5 33. Nxb4 cxb4 34. Rxb4+ Bb5 35. Rd1 Kc5 36. Rbd4 Bc6 37. h4 Rf4 38. R4d3 Rxh4 39. Rc3+ Rc4 40. Rh3 Rxd6 41. Rxd6 Kxd6 42. Rxh6+ Ke5 43. Kh2 Kf5 44. Rh8 Bd5 45. Rf8+ Kg6 46. Rd8 Bc6 47. Kg3 Rc3+ 48. f3 Rc2 49. Rc8 Kf7 50. Rc7+ Ke6 51. Rc8 Ke5 52. Rg8 Kf6 53. Rc8 Rc5 54. Rc7 Rc3 55. Rc8 g4 56. Rf8+ Ke7 57. Rf4 gxf3 58. gxf3 Ke6 59. Rf8 Bd5 60. Rf4 Rc8 61. Rg4 Kf5 62. Rf4+ Ke5 63. Ra4 Rc3 64. Rf4 Rc1 65. Ra4 Bc4 66. Ra8 Kd4 67. Rd8+ Bd5 68. Rf8 Bc6 69. Rf6 Bd5 70. Rf8 Rc6 71. Kf4 Rg6 72. Rf5 Rg1 73. Rf6 Bxf3 74. Ra6 Bd5 75. Ra4+ Bc4 76. Ra3 Rg7 77. Rg3 Rf7+ 78. Kg5 Bd3 79. Rg4+ Ke5 80. Rg3 Be4 81. Kh4 Bf3 82. Rg5+ Ke4 83. Rg3 Be2 84. Rg5 Kf3 85. Ra5 Rg7 86. Rf5+ Ke3 87. Rg5 Rh7+ 88. Kg3 Bf3 89. Re5+ Be4 90. Rg5 Rh1 91. Kg4 Rh2 92. Kg3 Rc2 93. Kg4 Rf2 94. Kg3 Bf5 95. Rg7 Rf3+ 96. Kh4 Ke4 97. Kg5 Ke5 98. Re7+ Be6 99. Rg7 Rh3 100. Kg6 Ra3 101. Kg5 Ra4 102. Kg6 Rh4 103. Kg5 Rh8 104. Kg6 Rf8 105. Kg5 Rf5+ 106. Kg6 Rf2 107. Kg5 Ra2 108. Kg6 Rc2 109. Kg5 Rc4 110. Kg6 Bf5+ 111. Kf7 Rc8 112. Ke7 Rc6 113. Kf7 Ra6 114. Ke7 Rc6 115. Kf7 Rc7+ 116. Kf8 Bd7 117. Ke7 Rb7 118. Kf7 Ra7 119. Ke7 Rb7 120. Kf7 Kf5 121. Ke7 Be6+ 122. Kf8 Rb3 123. Rc7 Kf6 124. Rf7+ Kg6 125. Rg7+ Kf5 126. Rc7 Kf6 127. Rf7+ Bxf7 1/2-1/2

[Event "Budapest SixDays 09 GM-B"]
[Site "Budapest"]
[Date "2024.09.25"]
[Round "3"]
[White "Yaniv, Yuval"]
[Black "Kotronias, Vasilios"]
[Result "1-0"]
[WhiteElo "2365"]
[BlackElo "2458"]
[PlyCount "107"]
[EventDate "2024.09.24"]
[EventType "tourn"]
[EventRounds "9"]
[EventCountry "HUN"]
[EventCategory "6"]
[SourceTitle "EXT 2025"]
[Source "ChessBase"]
[SourceDate "2024.10.14"]
[SourceVersion "1"]
[SourceVersionDate "2024.10.14"]
[SourceQuality "1"]

1. e4 c5 2. Nf3 Nc6 3. Nc3 d6 4. d4 cxd4 5. Nxd4 Nf6 6. Bc4 Qb6 7. Nxc6 bxc6 8. 0-0 g6 9. Qe1 Ng4 10. Na4 Qc7 11. Qc3 Nf6 12. Bf4 e5 13. f3 Bg7 14. Bg5 0-0 15. Rad1 Be6 16. Rd2 Rac8 17. Rfd1 Bxc4 18. Qxc4 d5 19. Qa6 dxe4 20. fxe4 Rcd8 21. Nc5 Rxd2 22. Rxd2 Qb6 23. Qxb6 axb6 24. Bxf6 Bxf6 25. Nd7 Bg5 26. Nxf8 Bxd2 27. Nd7 Bc1 28. Nxe5 Bxb2 29. Nxc6 Kg7 30. Kf1 Kf6 31. Nb4 Ke6 32. Ke2 Bd4 33. Nd3 h5 34. Kd2 Bg1 35. h3 f5 36. exf5+ Kxf5 37. Kc3 g5 38. Kc4 g4 39. Kd5 Kg5 40. Ke4 gxh3 41. gxh3 Kh4 42. Nf4 b5 43. Kd5 Kg5 44. Ne6+ Kh4 45. Ng7 Bf2 46. Kc6 b4 47. Kd5 Kg5 48. Ne6+ Kf5 49. Nc5 Bh4 50. Kc4 Be7 51. Kxb4 Kf4 52. a4 Kg3 53. a5 Bd8 54. Ne6 1-0

[Event "Piraeus GM"]
[Site "Piraeus"]
[Date "2024.08.26"]
[Round "3"]
[White "Kalogridis, Antonios"]
[Black "Kotronias, Vasilios"]
[Result "1/2-1/2"]
[WhiteElo "2382"]
[BlackElo "2440"]
[PlyCount "55"]
[EventDate "2024.08.24"]
[EventType "tourn"]
[EventRounds "9"]
[EventCountry "GRE"]
[EventCategory "6"]
[SourceTitle "CBM 221 Extra"]
[Source "ChessBase"]
[SourceDate "2024.09.30"]
[SourceVersion "1"]
[SourceVersionDate "2024.09.30"]
[SourceQuality "1"]

1. d4 Nf6 2. c4 g6 3. Nc3 Bg7 4. e4 d6 5. Be2 0-0 6. Nf3 e5 7. 0-0 Bg4 8. d5 a5 9. h3 Bxf3 10. Bxf3 Nbd7 11. Qc2 h5 12. Bg5 Kh7 13. Qd2 Nc5 14. g4 Qd7 15. Qe2 Rh8 16. Kg2 hxg4 17. hxg4 Kg8 18. Rh1 Rxh1 19. Rxh1 Nh7 20. Be3 Qd8 21. Qd2 Bf6 22. Bd1 Bg5 23. Bc2 Qd7 24. f3 Qe7 25. Nd1 Qf6 26. Nf2 Bxe3 27. Qxe3 Qg5 28. Qxg5 1/2-1/2

[Event "Piraeus GM"]
[Site "Piraeus"]
[Date "2024.08.25"]
[Round "2"]
[White "Kotronias, Vasilios"]
[Black "Kapnisis, Spyridon"]
[Result "1-0"]
[WhiteElo "2440"]
[BlackElo "2393"]
[PlyCount "91"]
[EventDate "2024.08.24"]
[EventType "tourn"]
[EventRounds "9"]
[EventCountry "GRE"]
[EventCategory "6"]
[SourceTitle "CBM 221 Extra"]
[Source "ChessBase"]
[SourceDate "2024.09.30"]
[SourceVersion "1"]
[SourceVersionDate "2024.09.30"]
[SourceQuality "1"]

1. e4 c5 2. Nf3 Nc6 3. d4 cxd4 4. Nxd4 e6 5. Nc3 Qc7 6. a3 a6 7. f4 b5 8. Be3 Bb7 9. Nxc6 dxc6 10. a4 b4 11. Nb1 c5 12. Nd2 Nf6 13. Bd3 c4 14. Nxc4 Bxe4 15. Bxe4 Nxe4 16. Qe2 f5 17. 0-0-0 Qc6 18. Bd4 Qxa4 19. b3 Qa2 20. Bb2 Be7 21. Bxg7 Kf7 22. Bb2 Rhd8 23. Ne5+ Kg8 24. Qc4 Nc3 25. Qxe6+ Kh8 26. Rxd8+ Rxd8 27. Nf7+ Kg7 28. Nxd8 Bxd8 29. Qd7+ Kg6 30. Qe8+ Kg7 31. Qxd8 Qb1+ 32. Kd2 Qxh1 33. Qg5+ Kh8 34. Bxc3+ bxc3+ 35. Kxc3 Qa1+ 36. Kc4 Qf1+ 37. Kd5 Qb5+ 38. Kd4 Qb4+ 39. Kd3 Qe4+ 40. Kc3 Qe3+ 41. Kb2 Qd4+ 42. Ka2 Qe4 43. Qd8+ Kg7 44. Qd3 Qe6 45. Kb2 Kg6 46. g4 1-0

[Event "Budapest FS08 GM"]
[Site "Budapest"]
[Date "2024.08.04"]
[Round "2"]
[White "Eugene, Floryan"]
[Black "Kotronias, Vasilios"]
[Result "1/2-1/2"]
[WhiteElo "2421"]
[BlackElo "2440"]
[PlyCount "83"]
[EventDate "2024.08.03"]
[EventType "tourn"]
[EventRounds "9"]
[EventCountry "HUN"]
[EventCategory "6"]
[SourceTitle "CBM 221 Extra"]
[Source "ChessBase"]
[SourceDate "2024.09.30"]
[SourceVersion "1"]
[SourceVersionDate "2024.09.30"]
[SourceQuality "1"]

1. e4 c5 2. Nf3 Nc6 3. d4 cxd4 4. Nxd4 Nf6 5. Nc3 d6 6. Bc4 Qb6 7. Nxc6 bxc6 8. b3 Qa5 9. Bd2 Qc7 10. Qf3 e6 11. 0-0 h5 12. Bf4 Ng4 13. h3 Ne5 14. Bxe5 dxe5 15. Rad1 Be7 16. Rd3 g6 17. Rfd1 0-0 18. Qe3 Kg7 19. Ba6 Qa5 20. Bxc8 Raxc8 21. Na4 Rfd8 22. Rd7 h4 23. Qc3 Qb5 24. Qf3 Kf8 25. Qe3 Rxd7 26. Rxd7 Rd8 27. Qh6+ Ke8 28. Rxa7 Qb8 29. Qe3 Rd4 30. Ra6 Qd8 31. Qh6 Bf8 32. Qh8 Rd1+ 33. Kh2 Qg5 34. Ra8+ Rd8 35. Rxd8+ Qxd8 36. Nb2 Qd2 37. Qxh4 Qxc2 38. Nc4 Qxa2 39. Qg3 Bc5 40. Nxe5 Bd6 41. f4 Bxe5 42. fxe5 1/2-1/2

[Event "GRE-chT 51st"]
[Site "Trikala"]
[Date "2024.07.09"]
[Round "6.3"]
[White "Loukopoulos, Panagiotis Athanasi"]
[Black "Kotronias, Vasilios"]
[Result "0-1"]
[WhiteElo "2095"]
[BlackElo "2417"]
[PlyCount "51"]
[EventDate "2024.07.04"]
[EventType "team-swiss"]
[EventRounds "7"]
[EventCountry "GRE"]
[SourceTitle "CBM 221 Extra"]
[Source "ChessBase"]
[SourceDate "2024.09.30"]
[SourceVersion "1"]
[SourceVersionDate "2024.09.30"]
[SourceQuality "1"]
[WhiteTeam "Evoiki ES"]
[BlackTeam "Peiraikos OS"]
[WhiteTeamCountry "GRE"]
[BlackTeamCountry "GRE"]

1. e4 d6 2. d4 Nf6 3. Nc3 e5 4. Nf3 Nbd7 5. Bc4 Be7 6. 0-0 0-0 7. a4 c6 8. Re1 b6 9. d5 cxd5 10. Bxd5 Nxd5 11. Nxd5 Bb7 12. c4 Rc8 13. b3 Nc5 14. a5 bxa5 15. Bd2 a4 16. bxa4 Bxd5 17. cxd5 Qd7 18. Bb4 f5 19. Bxc5 Rxc5 20. Qb3 Bd8 21. Qd3 Ba5 22. Rec1 fxe4 23. Qxe4 Rf4 24. Qe3 Bb6 25. Rxc5 Bxc5 26. Qc1 0-1

[Event "GRE-chT Cup 42nd"]
[Site "Trikala"]
[Date "2024.07.02"]
[Round "1.2"]
[White "Kotronias, Vasilios"]
[Black "Mastrovasilis, Dimitrios"]
[Result "1/2-1/2"]
[WhiteElo "2417"]
[BlackElo "2566"]
[PlyCount "87"]
[EventDate "2024.07.02"]
[EventType "team-k.o."]
[EventRounds "2"]
[EventCountry "GRE"]
[SourceTitle "CBM 221 Extra"]
[Source "ChessBase"]
[SourceDate "2024.09.30"]
[SourceVersion "1"]
[SourceVersionDate "2024.09.30"]
[SourceQuality "1"]
[WhiteTeam "Peiraikos OS"]
[BlackTeam "Kavalas"]
[WhiteTeamCountry "GRE"]
[BlackTeamCountry "GRE"]

1. e4 e5 2. Nf3 Nc6 3. Bb5 a6 4. Ba4 Nf6 5. 0-0 Nxe4 6. d4 Be7 7. Re1 b5 8. Rxe4 d5 9. Nxe5 Nxe5 10. Rxe5 bxa4 11. Nc3 0-0 12. Rxd5 Bd6 13. Ra5 a3 14. b3 Bb4 15. Rd5 Qf6 16. Ne4 Qg6 17. f3 Bf5 18. c3 Bxe4 19. Rg5 Bxc3 20. Rxg6 Bxg6 21. Bxa3 Rfd8 22. Bc5 Bxa1 23. Qxa1 Re8 24. Qc3 Re2 25. Qa5 h5 26. h4 Rc2 27. Qa4 Re2 28. Qc6 Rae8 29. a4 Kh7 30. d5 Rd8 31. b4 Re5 32. Qxa6 Rdxd5 33. Qc6 Rd2 34. Qxc7 Ree2 35. Qg3 Ra2 36. a5 Reb2 37. Kh2 f6 38. Bf8 Rc2 39. f4 Rd2 40. f5 Rxg2+ 41. Qxg2 Rxg2+ 42. Kxg2 Bxf5 43. b5 Kg8 44. Bc5 1/2-1/2

[Event "Rhodes Summer Cup"]
[Site "Rhodes"]
[Date "2024.06.28"]
[Round "7"]
[White "Kotronias, Vasilios"]
[Black "Nasuta, Grzegorz"]
[Result "1/2-1/2"]
[WhiteElo "2415"]
[BlackElo "2541"]
[PlyCount "56"]
[EventDate "2024.06.22"]
[EventType "swiss"]
[EventRounds "9"]
[EventCountry "GRE"]
[SourceTitle "CBM 220 Extra"]
[Source "ChessBase"]
[SourceDate "2024.07.31"]
[SourceVersion "1"]
[SourceVersionDate "2024.07.31"]
[SourceQuality "1"]

1. e4 c5 2. Nf3 d6 3. d4 cxd4 4. Nxd4 Nf6 5. Nc3 a6 6. Bg5 Nbd7 7. Qe2 Qa5 8. Bd2 h5 9. 0-0-0 b5 10. Kb1 b4 11. Nd5 Nxd5 12. Nc6 Qc5 13. exd5 Qxd5 14. Nxb4 Qc5 15. Bc3 Bb7 16. h4 Rh6 17. Rh3 Re6 18. Qd2 Nf6 19. f3 Qe3 20. Qxe3 Rxe3 21. Bd4 Re6 22. c4 g6 23. Bd3 Bh6 24. Nc2 Nd7 25. Bc3 Rc8 26. Nd4 Re3 27. Nc2 Re6 28. Nd4 Re3 1/2-1/2